Zmeny zákona o DPH v roku 2024 a 2025
Zmeny platného zákona o dani z pridanej hodnoty. Oslobodenie pre malé podniky na úrovni Európskej únie. Osobitné úpravy pre malé podniky. Zmeny v procese registrácie. Samozdanenie pri dovoze tovaru. Ďalšie zmeny zákona o DPH – dodanie tovaru na základe lízingových zmlúv, nadobudnutie tovaru, zmena p...
Salvato in:
| Autore principale: | |
|---|---|
| Natura: | Capitolo di libro |
| Lingua: | slovacco |
| Soggetti: | |
| Tags: |
Nessun Tag, puoi essere il primo ad aggiungerne!!
|
MARC
| LEADER | 00000naa a2200000 4500 | ||
|---|---|---|---|
| 001 | 0302997 | ||
| 005 | 20240708125821.1 | ||
| 041 | 0 | |a slo | |
| 044 | |a SK | ||
| 245 | 1 | 0 | |a Zmeny zákona o DPH v roku 2024 a 2025 |c Jaroslava Betáková |
| 520 | |a Zmeny platného zákona o dani z pridanej hodnoty. Oslobodenie pre malé podniky na úrovni Európskej únie. Osobitné úpravy pre malé podniky. Zmeny v procese registrácie. Samozdanenie pri dovoze tovaru. Ďalšie zmeny zákona o DPH – dodanie tovaru na základe lízingových zmlúv, nadobudnutie tovaru, zmena pravidiel určenia miesta dodania niektorých služieb, znížená sadzba DPH pri dodávkach v rámci aktivít sociálnej ekonomiky, oslobodenie pri službách dodávaných členom a iné. Nadobúdanie účinnosti zmien. | ||
| 610 | 2 | 0 | |a účtovníctvo daňové |
| 610 | 2 | 0 | |a dane z hodnoty pridanej |
| 610 | 2 | 0 | |a zákony |
| 610 | 2 | 0 | |a legislatíva |
| 610 | 2 | 0 | |a novelizácia |
| 610 | 2 | 0 | |a smernice |
| 610 | 2 | 0 | |a Európska únia |
| 610 | 2 | 0 | |a podnik malý |
| 610 | 2 | 0 | |a tovar |
| 100 | 1 | |a Betáková, Jaroslava | |